[Event "Sparkassen-Open A"]
[Site "Heusenstamm, Martinsee"]
[Date "2023.11.26"]
[Round "7.94"]
[White "Degenhardt, Andreas"]
[Black "Lotz, Ralf"]
[Result "1/2-1/2"]
[WhiteElo "1714"]
[BlackElo "1872"]
[PlyCount "33"]
[EventDate "2023.??.??"]
[WhiteTeam "SC 1970 Lorsch"]
[BlackTeam "SC 1952 Obertshausen"]

1. d4 d5 2. Nf3 Nf6 3. c4 c6 4. Qc2 dxc4 5. Qxc4 Qd5 6. e3 e6 7. Nc3 Qxc4 8. Bxc4 Nd5 9. a3 Nd7 10. O-O Be7 11. Bb3 O-O 12. e4 Nxc3 13. bxc3 Nf6 14. Re1 Re8 15. Bg5 h6 16. Bf4 b6 17. c4 1/2-1/2

[Event "Sparkassen-Open A"]
[Site "Heusenstamm, Martinsee"]
[Date "2023.11.26"]
[Round "7.95"]
[White "Binner, Peter"]
[Black "Olson, Philip Christoph"]
[Result "1/2-1/2"]
[WhiteElo "1793"]
[BlackElo "1576"]
[PlyCount "75"]
[EventDate "2023.??.??"]
[WhiteTeam "Vorw.Orient Mainz"]
[BlackTeam "SC Bad Nauheim"]

1. e4 c5 2. Nf3 d6 3. d3 Nc6 4. g3 g6 5. Bg2 Bg7 6. O-O Bd7 7. c3 b5 8. Be3 e6 9. Qd2 h5 10. h4 Nge7 11. Ng5 Rb8 12. f4 O-O 13. Na3 Qc7 14. d4 cxd4 15. cxd4 d5 16. Rac1 Qb6 17. Rc5 a6 18. exd5 Nxd5 19. Bxd5 exd5 20. Rxd5 Bf5 21. Rxf5 gxf5 22. d5 Bd4 23. Bxd4 Nxd4 24. Kh2 Rfe8 25. Rf2 Rbd8 26. Qd1 Ne6 27. Rd2 Nxg5 28. hxg5 Kg7 29. Nc2 Kg6 30. Nb4 Qd6 31. Nc6 Rc8 32. Qc2 Rc7 33. Qd3 Re4 34. Ne5+ Kg7 35. Qf3 Rc8 36. Kg2 Qb4 37. Qd3 Qd6 38. Nc6 1/2-1/2

[Event "Sparkassen-Open A"]
[Site "Heusenstamm, Martinsee"]
[Date "2023.11.26"]
[Round "7.96"]
[White "Marchese, Gaspare"]
[Black "Leitzig, Reamonn Franky James"]
[Result "1-0"]
[WhiteElo "1787"]
[BlackElo "1540"]
[PlyCount "31"]
[EventDate "2023.??.??"]
[WhiteTeam "SC Matt im Park Ffm"]
[BlackTeam "SV 1934 Ffm-Griesheim"]

1. e4 c5 2. Bc4 e6 3. Nc3 a6 4. a4 Nc6 5. Nf3 Qc7 6. d3 Nf6 7. Qe2 d5 8. exd5 Nd8 9. dxe6 Bxe6 10. Ng5 Be7 11. Nxe6 Nxe6 12. Bxe6 fxe6 13. Qxe6 Qd7 14. Qxd7+ Kxd7 15. O-O Rhf8 16. Bd2 1-0

[Event "Sparkassen-Open A"]
[Site "Heusenstamm, Martinsee"]
[Date "2023.11.26"]
[Round "7.97"]
[White "Jansen, Malte"]
[Black "Sasikumar Anitha, Sarvesh"]
[Result "1/2-1/2"]
[WhiteElo "1685"]
[BlackElo "1466"]
[PlyCount "63"]
[EventDate "2023.??.??"]
[WhiteTeam "SJ Herborn 1998"]
[BlackTeam "SK 1858 Gießen"]

1. e4 e6 2. d4 d5 3. exd5 exd5 4. Bd3 Nf6 5. h3 Bd6 6. Nf3 O-O 7. Bg5 Re8+ 8. Be3 c5 9. O-O c4 10. Be2 Bf5 11. c3 Nbd7 12. Nbd2 b5 13. g4 Be6 14. Ng5 h6 15. Nxe6 Rxe6 16. Bf3 Ne4 17. Nxe4 dxe4 18. Bg2 Qh4 19. Qe1 Qe7 20. d5 Rg6 21. Bd4 Re8 22. Qe3 Bc5 23. Rfe1 Bxd4 24. Qxd4 Nf6 25. d6 Qd7 26. Bxe4 Nxe4 27. Rxe4 Rxe4 28. Qxe4 Rxd6 29. Re1 Rd1 30. Rxd1 Qxd1+ 31. Kg2 Qd7 32. Qa8+ 1/2-1/2

[Event "Sparkassen-Open A"]
[Site "Heusenstamm, Martinsee"]
[Date "2023.11.26"]
[Round "7.98"]
[White "Vinogradov, Ilia"]
[Black "Rüll, Michael"]
[Result "0-1"]
[WhiteElo "1609"]
[BlackElo "1753"]
[PlyCount "116"]
[EventDate "2023.??.??"]
[WhiteTeam "SV 1947 Walldorf"]
[BlackTeam "SC 1952 Obertshausen"]

1. e4 c5 2. Nf3 Nc6 3. Bb5 g6 4. Bxc6 bxc6 5. O-O Bg7 6. Nc3 d5 7. e5 Bg4 8. Re1 f6 9. exf6 Nxf6 10. h3 Bxf3 11. Qxf3 O-O 12. Qe2 Qd7 13. Qe6+ Kh8 14. Qxd7 Nxd7 15. Rxe7 Rae8 16. Rxe8 Rxe8 17. Kf1 d4 18. Ne2 d3 19. cxd3 Ne5 20. Rb1 Nxd3 21. b3 Rb8 22. Ba3 c4 23. Nc1 Nxc1 24. Bxc1 c5 25. Bb2 a5 26. Bxg7+ Kxg7 27. Rc1 cxb3 28. axb3 Rxb3 29. Rxc5 a4 30. Ra5 Ra3 31. Ke2 Ra1 32. Kd3 a3 33. Kc2 a2 34. d4 Kf6 35. g3 Ke6 36. h4 Rf1 37. Rxa2 Rxf2+ 38. Kb3 Rxa2 39. Kxa2 Kd5 40. h5 g5 41. Kb3 Kxd4 42. Kb4 g4 43. h6 Ke4 44. Kc5 Kf3 45. Kd5 Kxg3 46. Ke6 Kf4 47. Kf6 g3 48. Kg7 g2 49. Kxh7 g1=Q 50. Kh8 Qa1+ 51. Kg8 Qa8+ 52. Kg7 Qb7+ 53. Kg8 Qc8+ 54. Kg7 Qd7+ 55. Kg8 Qe8+ 56. Kg7 Kg5 57. h7 Qe7+ 58. Kg8 Kg6 0-1

[Event "Sparkassen-Open A"]
[Site "Heusenstamm, Martinsee"]
[Date "2023.11.26"]
[Round "7.99"]
[White "Neininger, Sarah"]
[Black "Peschel, Julia"]
[Result "1/2-1/2"]
[WhiteElo "1604"]
[BlackElo "1591"]
[PlyCount "37"]
[EventDate "2023.??.??"]
[WhiteTeam "VSG 1880 Offenbach"]
[BlackTeam "Biebertaler SF"]

1. e4 e5 2. Nc3 Nc6 3. g3 Nf6 4. Bg2 Bc5 5. Nge2 d6 6. Na4 Bb6 7. Nxb6 axb6 8. O-O O-O 9. d4 exd4 10. Nxd4 Re8 11. Re1 Bd7 12. h3 d5 13. Nxc6 Bxc6 14. e5 Ne4 15. Bf4 Qe7 16. c4 Qc5 17. Qe2 f5 18. cxd5 Qxd5 19. Bxe4 1/2-1/2

[Event "Sparkassen-Open A"]
[Site "Heusenstamm, Martinsee"]
[Date "2023.11.26"]
[Round "7.100"]
[White "Lee, Kwan Ho Matthew"]
[Black "Köpke, Carolina"]
[Result "1/2-1/2"]
[WhiteElo "1587"]
[BlackElo "1482"]
[PlyCount "35"]
[EventDate "2023.??.??"]
[WhiteTeam "SV Oberursel"]
[BlackTeam "SV Oberursel"]

1. Nf3 d5 2. g3 Nf6 3. Bg2 c5 4. d3 Nc6 5. O-O b6 6. Nbd2 Bb7 7. e4 dxe4 8. Nxe4 Nxe4 9. dxe4 e6 10. Qe2 Be7 11. Rd1 Qc8 12. c3 O-O 13. Bf4 Rd8 14. h4 h5 15. e5 Qc7 16. Ng5 Rxd1+ 17. Rxd1 Rd8 18. Rxd8+ 1/2-1/2

[Event "Sparkassen-Open A"]
[Site "Heusenstamm, Martinsee"]
[Date "2023.11.26"]
[Round "7.101"]
[White "Scheerer, Amelie"]
[Black "Rotermund, Verena"]
[Result "1/2-1/2"]
[WhiteElo "1583"]
[BlackElo "1581"]
[PlyCount "151"]
[EventDate "2023.??.??"]
[WhiteTeam "SV 1934 Ffm-Griesheim"]
[BlackTeam "Vorw.Orient Mainz"]

1. e4 e6 2. d4 d5 3. exd5 exd5 4. Nf3 Bd6 5. Bd3 Bg4 6. O-O Ne7 7. Re1 h6 8. c3 O-O 9. h3 Bh5 10. Be3 Nd7 11. Be2 f5 12. Ne5 Bxe2 13. Rxe2 f4 14. Bd2 Nxe5 15. dxe5 Bc5 16. Re1 f3 17. Be3 Bxe3 18. Rxe3 fxg2 19. Qg4 Rf5 20. Nd2 Qf8 21. Rf3 Re8 22. Re1 Rxf3 23. Qxf3 Qxf3 24. Nxf3 Ng6 25. Kxg2 Nf4+ 26. Kg3 Nd3 27. Re2 Nc5 28. Nd2 Kf7 29. f4 g6 30. Re3 Rf8 31. Kg4 h5+ 32. Kg5 Ne6+ 33. Kh4 Nxf4 34. Rf3 Ke7 35. Kg3 g5 36. h4 Ne2+ 37. Kf2 Nf4 38. Kg3 Ne2+ 39. Kf2 Nc1 40. Rxf8 Kxf8 41. Ke3 g4 42. Nf1 Ke7 43. Ng3 Ke6 44. Nxh5 Kxe5 45. Ng3 c5 46. h5 Kf6 47. a3 Nb3 48. Kd3 b5 49. Kc2 Na5 50. Kd3 Nc6 51. Ke3 a5 52. Kf4 d4 53. Ne4+ Kg7 54. Nxc5 Kh6 55. cxd4 Kxh5 56. d5 Nd8 57. Kg3 Kg5 58. d6 Kf5 59. b3 Ke5 60. Kxg4 Kxd6 61. b4 a4 62. Kf4 Kd5 63. Ke3 Kc4 64. Kd2 Nc6 65. Kc2 Nxb4+ 66. axb4 Kxb4 67. Nd3+ Ka3 68. Kb1 Kb3 69. Nc5+ Ka3 70. Nd3 Kb3 71. Nc5+ Kb4 72. Nd3+ Kc3 73. Nc5 a3 74. Ka2 b4 75. Nb3 Kc2 76. Nd4+ 1/2-1/2

[Event "Sparkassen-Open A"]
[Site "Heusenstamm, Martinsee"]
[Date "2023.11.26"]
[Round "7.102"]
[White "Hofmann, Werner"]
[Black "Rotärmel, Leonie"]
[Result "0-1"]
[WhiteElo "1669"]
[BlackElo "1472"]
[PlyCount "78"]
[EventDate "2023.??.??"]
[WhiteTeam "SV 1920 Kelsterbach"]
[BlackTeam "SK Bad Homburg 1927"]

1. d4 d5 2. Nc3 Nf6 3. Bf4 a6 4. e3 Bf5 5. f3 e6 6. g4 Bg6 7. h4 h6 8. Bd3 Bxd3 9. Qxd3 Bd6 10. Nge2 Nc6 11. O-O-O Nd7 12. Rdg1 Nb6 13. Bxd6 Qxd6 14. Nf4 Nc4 15. a3 b5 16. Nh5 b4 17. Nb1 g6 18. Nf6+ Ke7 19. g5 bxa3 20. bxa3 N6a5 21. f4 Qb6 22. Nc3 c6 23. h5 hxg5 24. fxg5 Qb2+ 25. Kd1 Qxa3 26. Ke2 gxh5 27. g6 fxg6 28. Qxg6 Rhf8 29. Qh7+ Rf7 30. Rg7 Raf8 31. Rf1 Nd6 32. Ng8+ Ke8 33. Rfxf7 Rxf7 34. Nf6+ Ke7 35. Ng8+ Kf8 36. Rxf7+ Nxf7 37. Nf6 Qxc3 38. Qg8+ Ke7 39. Nh7 Qxc2+ 0-1

[Event "Sparkassen-Open A"]
[Site "Heusenstamm, Martinsee"]
[Date "2023.11.26"]
[Round "7.103"]
[White "Hebauf, Markus"]
[Black "Drewes, Thomas"]
[Result "0-1"]
[WhiteElo "1518"]
[BlackElo "1631"]
[PlyCount "70"]
[EventDate "2023.??.??"]
[WhiteTeam "Sfr.1932 Kelkheim"]
[BlackTeam "SV Würzburg von 1865 e.V."]

1. d4 d5 2. c4 c6 3. Nf3 Nf6 4. Nc3 dxc4 5. e4 b5 6. a3 e6 7. Bg5 Be7 8. b3 cxb3 9. Qxb3 O-O 10. Bxf6 Bxf6 11. Rd1 Qa5 12. Be2 Be7 13. O-O Qxa3 14. Qc2 b4 15. Ra1 Qxc3 16. Qa4 b3 17. Rfc1 Qb4 18. Qxb4 Bxb4 19. Rab1 a5 20. Rxb3 Ba6 21. Bd1 Bb5 22. Ne5 f6 23. Nd3 Bxd3 24. Rxd3 Rd8 25. Bb3 Kf7 26. d5 Ke7 27. Rg3 g6 28. dxc6 Rc8 29. Ba4 Rc7 30. Rh3 h5 31. Rg3 g5 32. h4 g4 33. f3 Bd6 34. f4 Bxf4 35. Rd3 Bxc1 0-1

[Event "Sparkassen-Open A"]
[Site "Heusenstamm, Martinsee"]
[Date "2023.11.26"]
[Round "7.104"]
[White "Hildebrandt, Paul"]
[Black "Strache, Rolf"]
[Result "1-0"]
[WhiteElo "1479"]
[BlackElo "1557"]
[PlyCount "49"]
[EventDate "2023.??.??"]
[WhiteTeam "Obertshausen"]
[BlackTeam "SK Herborn 1946"]

1. Nf3 d5 2. b3 Nf6 3. Bb2 e6 4. e3 c5 5. c4 Be7 6. Be2 O-O 7. d4 cxd4 8. exd4 dxc4 9. bxc4 Qb6 10. Qb3 Qc7 11. O-O Nc6 12. h3 Rd8 13. Nbd2 a5 14. a3 Bd7 15. Qd3 a4 16. Rab1 Bc8 17. Ne4 h6 18. d5 Nh5 19. Bd1 Nf4 20. Qc3 Bf8 21. Nf6+ Kh8 22. Re1 Qa5 23. dxc6 Qg5 24. Ng4 Ra5 25. Nxg5 1-0